A népi kollégiumok főtitkára Szegeden
Elmentve itt :
| Dokumentumtípus: | Cikk |
|---|---|
| Megjelent: |
1946-11-21
|
| Sorozat: | Délmagyarország
|
| Kulcsszavak: | Szabó Gergely |
| Online Access: | http://dmarchiv.bibl.u-szeged.hu/34428 |
| LEADER | 00399nab a2200145 i 4500 | ||
|---|---|---|---|
| 001 | delm34428 | ||
| 005 | 20180927112907.0 | ||
| 008 | 180927s1946 hu o 0|| hun d | ||
| 040 | |a SZTE Délmagyarország Archívum |b hun | ||
| 041 | |a hun | ||
| 245 | 0 | 2 | |a A népi kollégiumok főtitkára Szegeden |h [elektronikus dokumentum] |
| 260 | |c 1946-11-21 | ||
| 300 | |a 1 | ||
| 490 | 0 | |a Délmagyarország | |
| 695 | |a Szabó Gergely | ||